[Event "AUTO-ADV-2879"]
[Site "http://www.queenalice.com/game.php?id=1191225"]
[Date "2013.6.15"]
[Round "1"]
[White "AlmeidaChess"]
[Black "Degoba"]
[Result "0-1"]
[WhiteElo "1841"]
[BlackElo "1865"]

1. e4 e5 2. f4 d5 3. fxe5 Qh4+ 4. Ke2 Qxe4+ 5. Kf2 Bc5+ 6. Kg3 Qxe5+ 7. Kf3 Qh5+
8. Kg3 Qxd1 9. Nf3 Qxc2 10. d4 Bd6+ 11. Bf4 Qg6+ 0-1

[Event "AUTO-ADV-2879"]
[Site "http://www.queenalice.com/game.php?id=1191240"]
[Date "2013.6.15"]
[Round "1"]
[White "milo_krokodil4e"]
[Black "AlmeidaChess"]
[Result "0-1"]
[WhiteElo "1705"]
[BlackElo "1877"]

1. e4 e5 2. Nf3 Nc6 3. Bb5 a6 4. Ba4 Nf6 5. O-O b5 6. Bb3 Bc5 7. c3 d6 8. d4
exd4 9. cxd4 Ba7 10. Bg5 h6 0-1

[Event "AUTO-ADV-2879"]
[Site "http://www.queenalice.com/game.php?id=1191241"]
[Date "2013.6.15"]
[Round "1"]
[White "AlmeidaChess"]
[Black "milo_krokodil4e"]
[Result "1-0"]
[WhiteElo "1867"]
[BlackElo "1715"]

1. d4 Nf6 2. c4 e6 3. Nc3 Bb4 4. Bd2 O-O 5. Qc2 c5 6. e3 b6 7. Nge2 Bb7 8. f3 d5
9. cxd5 exd5 10. a3 cxd4 11. Nxd4 1-0

[Event "AUTO-ADV-2879"]
[Site "http://www.queenalice.com/game.php?id=1191250"]
[Date "2013.6.15"]
[Round "1"]
[White "holandes"]
[Black "AlmeidaChess"]
[Result "0-1"]
[WhiteElo "1914"]
[BlackElo "1903"]

1. d4 Nf6 2. c4 e6 3. Nc3 Bb4 4. Qc2 d5 5. a3 Ba5 6. b4 c5 7. bxa5 cxd4 8. Na2
Qxa5+ 9. Nb4 Nc6 10. Bd2 Qc5 11. cxd5 Qxc2 12. Nxc2 Nxd5 13. e4 dxe3 14. Nxe3
O-O 15. Nxd5 exd5 16. g3 Re8+ 17. Be2 Nd4 18. Kf1 Nxe2 19. Nxe2 Bh3+ 20. Ke1 Bg2
21. Rg1 Bf3 22. Be3 Rac8 23. Kd2 Bxe2 24. Rge1 Bf3 25. Bd4 a6 26. Re3 Rxe3 27.
Bxe3 b5 28. Bd4 f6 29. Re1 Be4 30. f4 Rc2+ 31. Kd1 Rxh2 32. Re3 h5 33. Rc3 h4
34. gxh4 Rxh4 35. Be3 d4 36. Bxd4 Rxf4 37. Rc8+ Kh7 38. Rc7 Bf3+ 39. Kc2 Rxd4
40. Ra7 Ra4 41. Kb3 Bd1+ 42. Kb2 Kh6 43. Rd7 Be2 44. Rd6 Kh5 45. Rd7 g5 46. Rd6
f5 47. Rd5 f4 0-1

[Event "AUTO-ADV-2879"]
[Site "http://www.queenalice.com/game.php?id=1191251"]
[Date "2013.6.15"]
[Round "1"]
[White "AlmeidaChess"]
[Black "holandes"]
[Result "1/2-1/2"]
[WhiteElo "1920"]
[BlackElo "1897"]

1. d4 d5 2. c4 Nf6 3. Nc3 a6 4. e3 e6 5. a3 c6 6. Nf3 b5 7. c5 a5 8. Bd2 Bb7 9.
Bd3 Nbd7 10. O-O g6 11. Re1 Bg7 12. e4 dxe4 13. Nxe4 Nxe4 14. Bxe4 O-O 15. Qc1
e5 16. Bh6 exd4 17. Bxg7 Kxg7 18. Nxd4 Nf6 19. Bxc6 Bxc6 20. Nxc6 Qc7 21. Nd4
Rac8 22. Nxb5 Qxc5 23. Qxc5 Rxc5 24. Nc3 Rfc8 25. Rac1 Nd5 26. Ne2 Rc2 27. b3
Rxe2 28. g3 Rxc1 29. Rxc1 Nf6 30. Kf1 Rb2 31. Rc3 Nd5 32. Rc5 Nf6 33. f3 Rxb3
34. Rxa5 Rxf3+ 35. Kg2 Rf5 36. Rxf5 gxf5 37. a4 Nd5 38. a5 Nc7 39. Kf3 Kf6 40.
Ke3 Ke5 41. h3 h5 42. Kd3 Kd5 43. Ke3 1/2-1/2

[Event "Challenge"]
[Site "http://www.queenalice.com/game.php?id=1191571"]
[Date "2013.6.16"]
[Round "-"]
[White "alexferreira"]
[Black "AlmeidaChess"]
[Result "1/2-1/2"]
[WhiteElo "1864"]
[BlackElo "1855"]

1. d4 d5 2. g3 Nf6 3. Bg2 c6 4. Nf3 Bf5 5. O-O Nbd7 6. c3 e6 7. Bg5 Be7 8. Nbd2
O-O 9. Nb3 b6 10. Nfd2 h6 11. Bxf6 Nxf6 12. Re1 Rc8 13. Nf3 Be4 14. Nbd2 Bf5 15.
Nb3 Be4 16. Nbd2 Bf5 17. Nb3 1/2-1/2

[Event "Challenge"]
[Site "http://www.queenalice.com/game.php?id=1191576"]
[Date "2013.6.16"]
[Round "-"]
[White "AlmeidaChess"]
[Black "alexferreira"]
[Result "0-1"]
[WhiteElo "1919"]
[BlackElo "1921"]

1. e4 d5 2. exd5 Qxd5 3. Nc3 Qe6+ 4. Be2 c6 5. Nf3 g6 6. O-O Bg7 7. d4 Nf6 8.
Re1 Qd6 9. Ne5 O-O 10. Bc4 Nfd7 11. Nxf7 Rxf7 12. Bxf7+ Kxf7 13. Qf3+ Kg8 14. d5
Ne5 15. Qf4 Bf5 16. dxc6 Nbxc6 17. Be3 Bxc2 18. Re2 Bf5 19. Rd1 Qf6 20. Nd5 Qf7
21. h3 Rd8 22. Ree1 Rxd5 23. Rxd5 Qxd5 24. Qa4 a6 25. Rd1 Qe6 26. g4 Bd3 27. f4
Bb5 28. Qe4 Be2 29. Qd5 Qxd5 30. Rxd5 Nc4 31. Kf2 Nxe3 32. Kxe3 Bc4 33. Rd7 b5
34. b3 Bf7 35. Kd2 Bh6 36. g5 Bg7 37. h4 Be6 38. Rc7 Bd5 39. Rd7 e6 40. f5 Ne5
41. fxe6 Bxe6 42. Rd6 Bf7 43. Rxa6 Nf3+ 44. Ke3 Nxh4 45. Ra8+ Bf8 46. a4 bxa4
47. bxa4 Nf5+ 48. Ke4 Nd6+ 49. Ke5 Nc4+ 50. Kd4 Kg7 51. a5 Nxa5 52. Rxa5 h5 53.
gxh6+ Kxh6 54. Ra7 Be6 55. Ke5 Bf5 56. Kf6 Bc5 57. Ra8 Kh5 58. Ra2 Bd4+ 59. Kf7
g5 60. Rh2+ Kg4 61. Rg2+ Kf4 62. Rf2+ Bxf2 0-1

[Event "Challenge"]
[Site "http://www.queenalice.com/game.php?id=1192535"]
[Date "2013.6.20"]
[Round "-"]
[White "AlmeidaChess"]
[Black "mysticchess"]
[Result "0-1"]
[WhiteElo "1860"]
[BlackElo "1796"]

1. e4 e5 2. Nf3 d6 3. d4 h6 4. dxe5 c6 5. exd6 Bxd6 6. e5 Bb4+ 7. c3 Qxd1+ 8.
Kxd1 Bc5 9. Be3 Nd7 10. Bc4 Ne7 11. Nbd2 O-O 12. Bxc5 Nxc5 13. Kc2 Bf5+ 14. Kc1
Nd3+ 15. Bxd3 Bxd3 16. Re1 Rad8 17. g4 Ng6 18. Re3 Nf4 19. Ne1 Ne2+ 20. Kd1 Nf4
21. Nb3 Bf5+ 0-1

[Event "Challenge"]
[Site "http://www.queenalice.com/game.php?id=1192538"]
[Date "2013.6.20"]
[Round "-"]
[White "AlmeidaChess"]
[Black "Thiha"]
[Result "1-0"]
[WhiteElo "1849"]
[BlackElo "1905"]

1. e4 c6 2. f4 d5 3. e5 Bf5 4. d4 e6 5. c4 a6 6. Nc3 Nd7 7. Nf3 Ne7 8. c5 h6 9.
Nh4 Bh7 10. g4 Nc8 11. Be3 Qxh4+ 12. Bf2 Qd8 13. h4 Be7 14. b4 Na7 15. a4 Rb8
16. h5 O-O 17. Bd3 Bxd3 18. Qxd3 Re8 19. Kd2 Nf8 20. Kc2 Nh7 21. Rag1 Rf8 22.
Ne2 f6 23. Ng3 1-0

[Event "Challenge"]
[Site "http://www.queenalice.com/game.php?id=1192539"]
[Date "2013.6.20"]
[Round "-"]
[White "AlmeidaChess"]
[Black "CliffOliveira"]
[Result "0-1"]
[WhiteElo "1855"]
[BlackElo "1913"]

1. d4 Nf6 2. c4 g6 3. Nc3 Bg7 4. e4 d6 5. Nf3 O-O 6. Be3 Ng4 7. Be2 Nxe3 8. fxe3
Nd7 9. O-O b6 10. Qd2 c5 11. d5 Ne5 12. Nxe5 Bxe5 13. h3 f5 14. Bd3 e6 15. exf5
exf5 16. e4 Bd4+ 17. Kh1 fxe4 18. Bxe4 Ba6 19. b3 Qe7 20. Rxf8+ Rxf8 21. Bf3 Qh4
22. Ne4 Bxa1 23. Nxd6 Rxf3 24. Qd1 Rxh3+ 25. gxh3 Qxh3+ 26. Kg1 Bd4+ 0-1

[Event "Challenge"]
[Site "http://www.queenalice.com/game.php?id=1192541"]
[Date "2013.6.20"]
[Round "-"]
[White "AlmeidaChess"]
[Black "drbhat"]
[Result "0-1"]
[WhiteElo "1826"]
[BlackElo "1795"]

1. d4 f5 2. c4 g6 3. Nf3 Bg7 4. e3 d6 5. Nc3 c6 6. Be2 Nf6 7. O-O O-O 8. Bd3
Nbd7 9. Re1 e5 10. dxe5 dxe5 11. e4 f4 12. b4 b6 13. Qb3 Kh8 14. Ng5 Ng4 15. Ne6
Qh4 16. Nxf8 Qxf2+ 17. Kh1 Qxe1+ 0-1

[Event "Challenge"]
[Site "http://www.queenalice.com/game.php?id=1193699"]
[Date "2013.6.24"]
[Round "-"]
[White "AlmeidaChess"]
[Black "dimitridruloza2012"]
[Result "1-0"]
[WhiteElo "1841"]
[BlackElo "1611"]

1. e4 e5 2. Nf3 d6 3. d4 f6 4. Bb5+ Bd7 5. Bxd7+ Qxd7 6. Nc3 Nc6 7. d5 Nb4 8. a3
Na6 9. Be3 g6 10. O-O O-O-O 11. b4 b6 12. Qe2 Nb8 13. a4 Bh6 14. a5 Bxe3 15.
Qxe3 Na6 16. axb6 Nxb4 17. bxa7 Kb7 18. a8=Q+ Rxa8 19. Rxa8 Kxa8 20. Ra1+ Kb8
21. Qa7+ Kc8 22. Qa8# 1-0

[Event "Challenge"]
[Site "http://www.queenalice.com/game.php?id=1196315"]
[Date "2013.7.2"]
[Round "-"]
[White "AlmeidaChess"]
[Black "wmalone"]
[Result "1-0"]
[WhiteElo "1830"]
[BlackElo "1898"]

1. d4 d5 2. e3 c5 3. c3 Nf6 4. Bd3 c4 5. Bc2 Nc6 6. f4 Bg4 7. Nf3 e6 8. O-O Be7
9. Nbd2 O-O 10. Qe1 h6 11. Qg3 Bxf3 12. Nxf3 Nh7 13. Ne5 Bh4 14. Qh3 Nxe5 15.
fxe5 Be7 16. e4 Ng5 17. Bxg5 Bxg5 18. Rf3 b5 19. Raf1 a5 20. Qg4 b4 21. Rg3 bxc3
22. bxc3 g6 23. exd5 Qxd5 24. Be4 Qb5 25. h4 Be7 26. Bxg6 fxg6 27. Qxg6+ Kh8 28.
Qg7# 1-0

[Event "Challenge"]
[Site "http://www.queenalice.com/game.php?id=1201160"]
[Date "2013.7.19"]
[Round "-"]
[White "AlmeidaChess"]
[Black "kpablanca197"]
[Result "1-0"]
[WhiteElo "1908"]
[BlackElo "1820"]

1. d4 d5 2. e3 g6 3. Nf3 Bg7 4. c4 c6 5. Nc3 Nf6 6. Bd3 O-O 7. O-O e6 8. Re1
Nbd7 9. cxd5 exd5 10. e4 dxe4 11. Nxe4 Re8 12. Bg5 h6 13. Nxf6+ Nxf6 14. Rxe8+
Qxe8 15. Be3 b5 16. b4 Nd5 17. Bd2 Bg4 18. h3 Be6 19. Rc1 Rc8 20. Ne5 Nf6 21.
Qc2 Bd5 22. Nxg6 1-0

[Event "Challenge"]
[Site "http://www.queenalice.com/game.php?id=1201497"]
[Date "2013.7.20"]
[Round "-"]
[White "AlmeidaChess"]
[Black "drbhat"]
[Result "1-0"]
[WhiteElo "1901"]
[BlackElo "1665"]

1. d4 f5 2. c4 g6 3. Nf3 Bg7 4. Nc3 Nf6 5. g3 O-O 6. Bg2 d6 7. O-O e5 8. Bg5 h6
9. Bd2 f4 10. Qc2 Bf5 11. e4 exd4 12. Nxd4 Bg4 13. Bxf4 1-0

[Event "AUTO-MASTER-1957"]
[Site "http://www.queenalice.com/game.php?id=1221867"]
[Date "2013.10.3"]
[Round "1"]
[White "AlmeidaChess"]
[Black "franz_ferdinand"]
[Result "0-1"]
[WhiteElo "1909"]
[BlackElo "2011"]

1. d4 d5 2. e3 Bf5 3. Nd2 Nf6 4. Ngf3 c6 5. b3 e6 6. Bb2 Bd6 7. Be2 O-O 8. O-O
Nbd7 9. Nh4 Bg6 10. Nxg6 hxg6 11. Nf3 Ne4 12. Ne5 Rc8 13. Rc1 a6 14. a4 Qc7 15.
f4 Ndf6 16. g4 Qe7 17. g5 Nd7 18. Rf3 Bxe5 19. dxe5 f6 20. exf6 gxf6 21. Bd3
fxg5 22. Bxe4 dxe4 23. Rh3 Nf6 24. fxg5 Nh5 25. Qd4 e5 26. Qxe4 Qe6 27. Qxe5
Qxe5 28. Bxe5 Rf5 29. Rxh5 gxh5 30. Bf6 Rf8 31. Rf1 Rxf1+ 32. Kxf1 Kf7 33. h4
Ke6 34. c4 Kf5 0-1

[Event "AUTO-MASTER-1957"]
[Site "http://www.queenalice.com/game.php?id=1221868"]
[Date "2013.10.3"]
[Round "1"]
[White "franz_ferdinand"]
[Black "AlmeidaChess"]
[Result "1-0"]
[WhiteElo "1998"]
[BlackElo "1922"]

1. c4 e5 2. Nc3 g6 3. g3 Bg7 4. Bg2 c6 5. e4 Nf6 6. Nge2 d6 7. O-O O-O 8. d3 Bg4
9. h3 Be6 10. f4 exf4 11. Nxf4 Bd7 12. Be3 c5 13. Rb1 Nc6 14. Nfd5 Nxd5 15. Nxd5
Ne5 16. Qe2 Qc8 17. Kh2 Qd8 18. a3 a5 19. b4 axb4 20. axb4 b5 21. bxc5 bxc4 22.
dxc4 dxc5 23. Bxc5 Re8 24. Qc2 f5 25. exf5 Bxf5 26. Qb3 Bxb1 27. Rxb1 Qg5 28.
Ne7+ Kh8 29. Bxa8 Rxa8 30. Qe3 Qxe3 31. Bxe3 Nxc4 32. Bf4 1-0

[Event "AUTO-MASTER-1957"]
[Site "http://www.queenalice.com/game.php?id=1221869"]
[Date "2013.10.3"]
[Round "1"]
[White "AlmeidaChess"]
[Black "tiranossaurogalo"]
[Result "0-1"]
[WhiteElo "1861"]
[BlackElo "2162"]

1. d4 d5 2. c4 Nf6 3. Nc3 e6 4. Nf3 Be7 5. Bg5 h6 6. Bh4 O-O 7. Qc2 b6 8. e3 Bb7
9. Bd3 dxc4 10. Bxc4 g5 11. Bg3 Bxf3 12. gxf3 c5 13. O-O-O cxd4 14. Rxd4 Qc8 15.
Ne4 Qb7 16. h4 Nxe4 17. Qxe4 Qxe4 0-1

[Event "AUTO-MASTER-1957"]
[Site "http://www.queenalice.com/game.php?id=1221870"]
[Date "2013.10.3"]
[Round "1"]
[White "tiranossaurogalo"]
[Black "AlmeidaChess"]
[Result "1-0"]
[WhiteElo "2139"]
[BlackElo "1943"]

1. d4 d5 2. c4 c6 3. Nf3 Nf6 4. e3 Bg4 5. Qb3 Qc7 6. cxd5 cxd5 7. Nc3 e6 8. Ne5
Bf5 9. Bb5+ Nc6 10. Qa4 O-O-O 11. Bxc6 bxc6 12. Nxc6 Rd7 13. Nb5 Ne8 14. Nxc7
1-0

[Event "AUTO-MASTER-1957"]
[Site "http://www.queenalice.com/game.php?id=1221871"]
[Date "2013.10.3"]
[Round "1"]
[White "AlmeidaChess"]
[Black "chessman"]
[Result "0-1"]
[WhiteElo "1897"]
[BlackElo "1826"]

1. e4 e6 2. d4 d5 3. Nc3 Nf6 4. Bg5 Be7 5. e5 Nfd7 6. Bxe7 Qxe7 7. Nf3 a6 8. Be2
c5 9. O-O Nc6 10. Re1 Nxd4 11. Nxd4 cxd4 12. Qxd4 Qc5 13. Qxc5 Nxc5 14. Rad1 O-O
15. f4 Bd7 16. b4 Na4 17. Nxa4 Bxa4 18. Rc1 Rac8 19. c3 Rc7 20. c4 dxc4 21. Rxc4
Rxc4 22. Bxc4 Rc8 0-1

[Event "AUTO-MASTER-1957"]
[Site "http://www.queenalice.com/game.php?id=1221872"]
[Date "2013.10.3"]
[Round "1"]
[White "chessman"]
[Black "AlmeidaChess"]
[Result "1-0"]
[WhiteElo "1845"]
[BlackElo "1878"]

1. e4 e6 2. d4 d5 3. e5 c5 4. c3 Nc6 5. f4 cxd4 6. cxd4 Bb4+ 7. Nc3 Nge7 8. Nf3
Nf5 9. Be2 Qa5 10. Qd3 Bd7 11. O-O O-O 12. g4 Nfe7 13. Ng5 g6 14. Qh3 h5 15.
gxh5 Kg7 16. h6+ Kh8 17. Be3 Nf5 18. Bf2 Ncxd4 19. Bg4 Be7 20. Qg2 Bxg5 21. fxg5
1-0

[Event "Als je durft"]
[Site "http://www.queenalice.com/game.php?id=1224955"]
[Date "2013.10.16"]
[Round "-"]
[White "BossHaar"]
[Black "AlmeidaChess"]
[Result "1-0"]
[WhiteElo "2010"]
[BlackElo "1935"]

1. e4 e6 2. d4 d5 3. Nd2 g6 4. Ngf3 Bg7 5. Bd3 Nc6 6. c3 Nge7 7. O-O O-O 8. e5
f5 9. Nb3 b6 10. Bg5 a5 11. a4 h6 12. Bh4 g5 13. Bxg5 hxg5 14. Nxg5 Ng6 15. Qh5
1-0